| 000 | 00967nam a22002897a 4500 | ||
|---|---|---|---|
| 001 | 5347 | ||
| 003 | FISKH | ||
| 005 | 20241127124010.0 | ||
| 008 | 241127b cb ||||| |||| 00| 0 eng d | ||
| 020 | _a9780545065634 | ||
| 040 |
_aFISKH _beng _cFISKH _dFISKH |
||
| 050 | _aPZ7.M478693 | ||
| 082 | _a813 | ||
| 100 | _aMckissack, Patricia C. | ||
| 245 |
_aA Friendship for Today / _cby Patricia C. Mckissack |
||
| 250 | _aFirst Scholastic paperback printing, January 2008 | ||
| 260 |
_aNew York : _bScholastic ; _c2007 . |
||
| 300 |
_a172 pages : _billustrations ; _c20 cm . |
||
| 505 | _aS | ||
| 520 | _aIn 1954, when desegregation comes to Kirkland, Missouri, ten-year-old Rosemary faces many changes and challenges at school and at home as her parents separate. | ||
| 521 | 8 |
_a790
_bLexile estimate |
|
| 521 | 8 |
_aS
_bRaz-Plus |
|
| 650 |
_acivil rights _vFiction |
||
| 650 |
_afriendship _vFiction |
||
| 942 |
_2ddc _cBK _n0 |
||
| 999 |
_c5347 _d5347 |
||